Manual para la Sociedad Auxiliar de Niñas Intermedias (Record no. 16851)

MARC details
000 -LEADER
campo de control de longitud fija 00951ntaaa2200217 4500
003 - IDENTIFICADOR DE NÚMERO DE CONTROL
campo de control 01
005 - FECHA Y HORA DE LA ÚLTIMA TRANSACCIÓN
campo de control 20251027202206.0
008 - DATOS DE LONGITUD FIJA--INFORMACIÓN GENERAL
campo de control de longitud fija 0714s1973 ag 01
040 ## - FUENTE DE CATALOGACIÓN
Centro catalogador/agencia de origen AR-BaBN
Lengua de catalogación spa
Centro/agencia transcriptor AR-BaBN
Normas de descripción aacr
Centro/agencia modificador RIC
082 ## - NÚMERO DE LA CLASIFICACIÓN DECIMAL DEWEY
Número de clasificación 267.4 Sa5
245 ## - MENCIÓN DEL TÍTULO
Título Manual para la Sociedad Auxiliar de Niñas Intermedias
260 ## - PUBLICACIÓN, DISTRIBUCIÓN, ETC.
Lugar de publicación, distribución, etc. El Paso :
Nombre del editor, distribuidor, etc. Casa Bautista de Publicaciones,
Fecha de publicación, distribución, etc. 1962
300 ## - DESCRIPCIÓN FÍSICA
Extensión 80 p. ;
Dimensiones il byn ; 19 cm.
500 ## - NOTA GENERAL
Nota general Preparado por Dora Jean Sanderford, Emilia Quindt y Ethel de Gatica, nombradas por el Comité de Publicaciones Femeniles Bautista Hispanoamericano
500 ## - NOTA GENERAL
Nota general "Basado en el manual en inglés publicado por la Unión Femenil Misionera, Birmingham, Alabama, EE.UU. de A."
500 ## - NOTA GENERAL
Nota general Inv. 014178, 014649, 014650 y 023264 retirados definitivamente de biblioteca
520 ## - RESUMEN, ETC.
Sumario, etc. Historia, organización, metas y reuniones de la Sociedad Auxiliar de Niñas
610 ## - PUNTO DE ACCESO ADICIONAL DE MATERIA--NOMBRE DE ENTIDAD CORPORATIVA
Nombre de entidad corporativa o nombre de jurisdicción como elemento de entrada Sociedad Auxiliar de Niñas
650 ## - PUNTO DE ACCESO ADICIONAL DE MATERIA--TÉRMINO DE MATERIA
Término de materia o nombre geográfico como elemento de entrada MISIONES
942 ## - ELEMENTOS DE ENTRADA SECUNDARIOS (KOHA)
Tipo de ítem Koha Colección General
Holdings
Estatus retirado Estado de pérdida Estado de daño No para préstamo Biblioteca de origen Biblioteca actual Fecha de adquisición Número de inventario Total de préstamos Signatura topográfica completa Código de barras Visto por última vez Precio de reemplazo Tipo de ítem Koha
        Biblioteca Pluis Biblioteca Pluis 27/10/2025 014177   267.4 Sa5 014177 27/10/2025 27/10/2025 Colección General
        Biblioteca Pluis Biblioteca Pluis 27/10/2025 014178   267.4 Sa5 014178 27/10/2025 27/10/2025 Colección General
        Biblioteca Pluis Biblioteca Pluis 27/10/2025 014649   267.4 Sa5 014649 27/10/2025 27/10/2025 Colección General
        Biblioteca Pluis Biblioteca Pluis 27/10/2025 014650   267.4 Sa5 014650 27/10/2025 27/10/2025 Colección General
        Biblioteca Pluis Biblioteca Pluis 27/10/2025 023263   267.4 Sa5 023263 27/10/2025 27/10/2025 Colección General
        Biblioteca Pluis Biblioteca Pluis 27/10/2025 023264   267.4 Sa5 023264 27/10/2025 27/10/2025 Colección General